Annual review of plant biology. Vol. 63 (Record no. 43048)

MARC details
000 -LEADER
fixed length control field 00328nam a2200121Ia 4500
020 ## - INTERNATIONAL STANDARD BOOK NUMBER
ISBN 9780821306632
082 ## - DEWEY DECIMAL CLASSIFICATION NUMBER
Classification number 581.1
Item number ANN.63
100 ## - MAIN ENTRY--AUTHOR NAME
Personal name Merchant, Sabeeha S
245 #0 - TITLE STATEMENT
Title Annual review of plant biology. Vol. 63
260 ## - PUBLICATION, DISTRIBUTION, ETC. (IMPRINT)
Place of publication California
Name of publisher Annual Reviews
Year of publication 2012
942 ## - ADDED ENTRY ELEMENTS (KOHA)
Koha item type Books
Holdings
Withdrawn status Lost status Damaged status Not for loan Home library Current library Date acquired Cost, normal purchase price Full call number Accession Number Koha item type
        RRII Library RRII Library 16/12/2021 248.00 581.1 ANN.63 23313 Books